000
00313pam a2200121 a 4500
020
_c
041
_a
eng
100
_a
बाबासाहेब पुरंदरे .
245
_a
सावित्रि
_h
Textual Documents
260
_a
[s.l]:
_b
पॉप्युलर
300
_a
70p.
930
_a
15553
999
_c
92453
_d
92453